000 00569cam a22002053a 4500
001 39905
003 PGUSA
005 20140828083905.0
008 120603s2012||||xxu|||||s|||||000 | eng d
040 _aPGUSA
_beng
042 _adc
100 1 _aMarshall, Archibald,
_d1866-1934
245 1 0 _aUpsidonia
_h[electronic resource] /
_cArchibald Marshall
260 _bProject Gutenberg,
_c2012
506 _aPublic domain in the USA.
516 _aElectronic text
830 0 _aProject Gutenberg
_v39905
856 4 0 _uhttp://www.gutenberg.org/ebooks/39905
942 _cEB
999 _c269158
_d269158